000 00625na a2200229 4500
001 19095
003 MIRAKIL
005 20181213155052.0
008 170116b tu 000 0
020 _a9756572027
040 _aMilas
_btur
_cTR-AnCHP
041 _atur
082 _a370.9561
_bA23d 2001
090 _a370.9561 A23d 2001
100 _aAdem, Mahmut
245 _aDevrim yasaları odağında öğretim birliği
_cMahmut Adem
260 _aİstanbul
_bÇağdaş Eğitim Vakfı
_c2001
300 _a141 s.
_c23 sm.
500 _aKaynakça var.
650 _aEğitim ve öğretim
_zTürkiye
942 _2ddc
_cBKS
999 _c5957
_d5957